[Event "Knighthood Blitz"]
[Site "Vishy Anand Arena"]
[Date "2020.08.01"]
[Round "7"]
[White "Gak_chess"]
[Black "Fighter64"]
[Result "0-1"]
[WhiteElo "2305"]
[BlackElo "2299"]
[Annotator "NA"]
[PlyCount "56"]
[EventDate "2020.08.01"]
[EventType "swiss (blitz)"]

1. c4 Nf6 2. Nc3 c5 3. Nf3 g6 4. e4 Bg7 5. d4 O-O 6. d5 d6 7. Be2 b5 8. cxb5 a6 9. O-O axb5 10. Bxb5 Ba6 11. Nd2 Bxb5 12. Nxb5 Nbd7 13. Nc4 Nxe4 14. Re1 Nef6 15. a4 Re8 16. Ra3 Nb6 17. Nxb6 Qxb6 18. Rae3 Qb7 19. b3 Nxd5 20. Nxd6 Nxe3 21. Nxb7 Nxd1 22. Rxd1 c4 23. bxc4 Reb8 24. Nc5 Rc8 25. Nd7 Rd8 26. Ba3 Bf8 27. Bb2 Rab8 28. Be5 Rxd7 0-1

[Event "Knighthood Blitz"]
[Site "Vishy Anand Arena"]
[Date "2020.08.01"]
[Round "7"]
[White "Arjunkalyan"]
[Black "Pranav_vip"]
[Result "0-1"]
[WhiteElo "2288"]
[BlackElo "2394"]
[Annotator "TA"]
[PlyCount "124"]
[EventDate "2020.08.01"]
[EventType "swiss (blitz)"]

1. e4 d5 2. exd5 Nf6 3. Bb5+ Nbd7 4. Nf3 Nxd5 5. d4 g6 6. O-O Bg7 7. Re1 O-O 8. c3 a6 9. Bf1 b5 10. a4 bxa4 11. Qxa4 Bb7 12. Nbd2 c5 13. dxc5 Nxc5 14. Qc2 Nf4 15. Nc4 Nce6 16. Nfe5 Qc7 17. g3 Nd5 18. Bg2 Rad8 19. b3 Bxe5 20. Rxe5 Nb6 21. Bxb7 Nxc4 22. Rxe6 fxe6 23. Bxa6 Ne5 24. Be2 Nc6 25. Be3 Qe5 26. Ra6 Rc8 27. Bc4 Nd8 28. Bd4 Qe1+ 29. Kg2 Rc6 30. Ra8 Rd6 31. b4 Nc6 32. Rxf8+ Kxf8 33. Be3 Rd1 34. Qe2 Qh1+ 35. Kh3 Nd8 36. Qg4 Rd5 37. Bxd5 Qxd5 38. Bh6+ Kg8 39. Qf4 Nf7 40. g4 e5 41. Qe3 Nd6 42. Bg5 Qe6 43. Bh4 h5 44. f3 e4 45. Bg3 Nf7 46. Kg2 exf3+ 47. Qxf3 hxg4 48. Qd3 Ng5 49. Qd8+ Kh7 50. Qd4 Qe2+ 51. Qf2 Qe4+ 52. Kf1 Nf3 53. Qe2 Qb1+ 54. Kf2 Qf5 55. Kg2 e6 56. Bf2 Qd5 57. Kg3 Ng5 58. Qxg4 Ne4+ 59. Kh4 Nf6 60. Qf4 Qh5+ 61. Kg3 Qf5 62. Qg4 Qxg4# 0-1

[Event "Knighthood Blitz"]
[Site "Vishy Anand Arena"]
[Date "2020.08.01"]
[Round "7"]
[White "VugarAsadli"]
[Black "J2d"]
[Result "0-1"]
[WhiteElo "2278"]
[BlackElo "2421"]
[PlyCount "145"]
[EventDate "2020.08.01"]
[EventType "swiss (blitz)"]

1. e4 c5 2. Nc3 d6 3. Bb5+ Nd7 4. f4 a6 5. Bxd7+ Bxd7 6. Nf3 e6 7. O-O Bc6 8. d4 cxd4 9. Nxd4 Nf6 10. Nxc6 bxc6 11. Be3 d5 12. e5 Nd7 13. Na4 Be7 14. c4 O-O 15. cxd5 cxd5 16. Rc1 Qa5 17. b3 Rfc8 18. Qd4 Ba3 19. Rxc8+ Rxc8 20. f5 Nc5 21. fxe6 Nxe6 22. Qa7 Qc7 23. Qxa6 d4 24. Bd2 Rf8 25. Qb5 Qc2 26. Ba5 d3 27. Qc4 Qe2 28. Nc3 Qxe5 29. Nd5 Bc5+ 30. Kh1 Qe2 31. Re1 Qxa2 32. Bb4 Qc2 33. Qxc2 dxc2 34. Bxc5 Nxc5 35. Nb4 Nxb3 36. Nxc2 Nc5 37. Ne3 Ne6 38. Kg1 g6 39. Kf2 Kg7 40. Rc1 Rd8 41. Rd1 h5 42. Rxd8 Nxd8 43. g3 Kf6 44. h3 Ne6 45. Kf3 Ke5 46. Nc4+ Kf5 47. Nd6+ Kf6 48. g4 h4 49. Kf2 Nf4 50. Ne4+ Ke5 51. Ng5 f6 52. Nf3+ Ke4 53. Nxh4 g5 54. Nf5 Nxh3+ 55. Kg3 Nf4 56. Nh6 Ng6 57. Nf5 Ne5 58. Nh6 Kd5 59. Nf5 Ke6 60. Ne3 Nf7 61. Nf5 Nd6 62. Nh6 Ke5 63. Ng8 Ke6 64. Nh6 Ke7 65. Ng8+ Kf8 66. Nh6 Kg7 67. Nf5+ Nxf5+ 68. gxf5 Kf7 69. Kg4 Ke7 70. Kh5 Kd6 71. Kg6 Ke5 72. Kh5 Kxf5 73. Kh6 0-1

[Event "Knighthood Blitz"]
[Site "Vishy Anand Arena"]
[Date "2020.08.01"]
[Round "7"]
[White "Viani A Dcunha"]
[Black "Adityass"]
[Result "0-1"]
[WhiteElo "2210"]
[BlackElo "2203"]
[PlyCount "118"]
[EventDate "2020.08.01"]
[EventType "swiss (blitz)"]

1. e4 c5 2. Nf3 d6 3. d4 cxd4 4. Nxd4 Nf6 5. Nc3 Nc6 6. Be2 e5 7. Nb3 Be7 8. O-O O-O 9. Kh1 a5 10. a4 Nb4 11. f4 Be6 12. f5 Bxb3 13. cxb3 d5 14. exd5 Nbxd5 15. Bg5 Nxc3 16. bxc3 Qc7 17. Bc4 Rad8 18. Qe2 Nd5 19. Bxe7 Qxe7 20. Rae1 Rfe8 21. Bxd5 Rxd5 22. f6 gxf6 23. Rf3 e4 24. Rh3 Rg5 25. Rf1 Qe5 26. Rh6 f5 27. Qe3 Rg6 28. Rh5 Qe6 29. Rhxf5 Qxb3 30. Rxa5 Qb6 31. Qf4 f6 32. Rf5 Rf8 33. Qxe4 Qc6 34. Qxc6 bxc6 35. a5 Ra8 36. h4 Kg7 37. Kh2 Rg4 38. Kh3 Rg6 39. R1f3 h6 40. h5 Rg5 41. Rxf6 Raxa5 42. Rf7+ Kg8 43. Rf8+ Kh7 44. R3f7+ Rg7 45. Rxg7+ Kxg7 46. Rc8 Rc5 47. Rc7+ Kf6 48. g3 Rxc3 49. Rh7 Rc4 50. Rxh6+ Kg5 51. Rg6+ Kxh5 52. Rg8 Kh6 53. g4 Rc3+ 54. Kh4 Kh7 55. g5 Kxg8 56. Kh5 Kg7 57. g6 c5 58. Kg4 Rc4+ 59. Kf5 Rd4 0-1

[Event "Knighthood Blitz"]
[Site "Vishy Anand Arena"]
[Date "2020.08.01"]
[Round "7"]
[White "Lightsaber"]
[Black "Mohit chandwani"]
[Result "1-0"]
[WhiteElo "2199"]
[BlackElo "1597"]
[PlyCount "77"]
[EventDate "2020.08.01"]
[EventType "swiss (blitz)"]

1. Nf3 b6 2. g3 Bb7 3. Bg2 e6 4. O-O Bd6 5. b3 Qf6 6. Nc3 Nh6 7. d4 Ng4 8. Nb5 a6 9. Nxd6+ cxd6 10. Bf4 d5 11. h3 Nh6 12. Be5 Qg6 13. Nh4 Qg5 14. Bd6 Nf5 15. Nxf5 Qxf5 16. c4 Ra7 17. Bxb8 O-O 18. Bxa7 b5 19. cxb5 axb5 20. a4 Bc6 21. a5 Ra8 22. Bc5 e5 23. dxe5 Qxe5 24. Qd4 Qe6 25. a6 d6 26. Bb6 Qd7 27. a7 h6 28. Rfc1 Qb7 29. Rxc6 Qxc6 30. Bxd5 Qd7 31. Bxa8 Qxh3 32. Bg2 Qd7 33. a8=Q+ Kh7 34. Qde4+ g6 35. Qd4 g5 36. Qah8+ Kg6 37. Qdf6+ Kh5 38. Qhxh6+ Kg4 39. Qf3# 1-0

[Event "Knighthood Blitz"]
[Site "Vishy Anand Arena"]
[Date "2020.08.01"]
[Round "7"]
[White "Skkeyan"]
[Black "Debashisdas"]
[Result "1-0"]
[WhiteElo "2180"]
[BlackElo "2394"]
[Annotator "RC"]
[PlyCount "147"]
[EventDate "2020.08.01"]
[EventType "swiss (blitz)"]

1. e4 e5 2. Nf3 Nc6 3. Bb5 a6 4. Ba4 Nf6 5. O-O Bc5 6. c3 b5 7. Bc2 d5 8. d4 dxe4 9. Nxe5 Nxe5 10. dxe5 Qxd1 11. Bxd1 Ng4 12. Bxg4 Bxg4 13. Re1 O-O-O 14. h3 Rd1 15. Bd2 Rxe1+ 16. Bxe1 Be2 17. Nd2 Bd3 18. Nb3 Bb6 19. Bd2 Re8 20. Bf4 Bc4 21. Re1 Bd5 22. Nd2 a5 23. a3 f6 24. Nxe4 fxe5 25. Be3 Bxe4 26. Bxb6 cxb6 27. Rxe4 Kd7 28. g4 Kd6 29. f4 Kd5 30. Re2 e4 31. Kf2 Kc4 32. Ke3 Rd8 33. Kxe4 a4 34. Kf5 Rd3 35. h4 Rd5+ 36. Ke6 Rd8 37. Kf7 Rd7+ 38. Kg8 Kd3 39. Rf2 Ke3 40. Rh2 Kxf4 41. g5 g6 42. Re2 Kf3 43. Re5 Kg4 44. Re4+ Kh5 45. Rd4 Rc7 46. Rb4 Rc5 47. Kxh7 Rd5 48. Kg8 Rc5 49. Kf7 Re5 50. Kf6 Rd5 51. Ke6 Rf5 52. Kd6 Rf1 53. Kc6 Rd1 54. Kxb6 Rd6+ 55. Kxb5 Rd2 56. Kxa4 Rd5 57. Kb3 Rc5 58. c4 Kxh4 59. Rb5 Rc6 60. Kb4 Re6 61. a4 Re2 62. b3 Rc2 63. a5 Rc1 64. Rd5 Kh5 65. Kb5 Ra1 66. b4 Rb1 67. c5 Re1 68. c6 Re8 69. Rc5 Rc8 70. c7 Kg4 71. Kb6 Kf4 72. Kb7 Rxc7+ 73. Kxc7 Ke4 74. Kb6 1-0

[Event "Knighthood Blitz"]
[Site "Vishy Anand Arena"]
[Date "2020.08.01"]
[Round "7"]
[White "Shahildey"]
[Black "Superind2002"]
[Result "1-0"]
[WhiteElo "2162"]
[BlackElo "2243"]
[Annotator "NA"]
[PlyCount "43"]
[EventDate "2020.08.01"]
[EventType "swiss (blitz)"]

1. e4 e5 2. Nf3 Nc6 3. Nc3 Nf6 4. d4 exd4 5. Nxd4 Bb4 6. Nxc6 bxc6 7. Bd3 O-O 8. O-O Bxc3 9. bxc3 d6 10. Bg5 h6 11. Bh4 Re8 12. Re1 Qe7 13. Qf3 g5 14. Bg3 Ng4 15. e5 Nxe5 16. Bxe5 dxe5 17. Qxc6 Be6 18. Rxe5 Rad8 19. Rae1 Rd6 20. Qe4 f5 21. Qe2 Qf7 22. Bc4 1-0

[Event "Knighthood Blitz"]
[Site "Vishy Anand Arena"]
[Date "2020.08.01"]
[Round "7"]
[White "Mbachez90"]
[Black "Adityabikram"]
[Result "0-1"]
[WhiteElo "2139"]
[BlackElo "1963"]
[Annotator "NA"]
[PlyCount "66"]
[EventDate "2020.08.01"]
[EventType "swiss (blitz)"]

1. e4 c5 2. Nf3 Nc6 3. Bb5 g6 4. c3 Nf6 5. Qe2 Bg7 6. O-O O-O 7. d4 d5 8. e5 Ne4 9. h3 Bd7 10. Bd3 f5 11. exf6 Nxf6 12. Bg5 cxd4 13. cxd4 Ne4 14. Bxe4 dxe4 15. Qxe4 h6 16. Bh4 g5 17. Bg3 Bf5 18. Qe2 Nxd4 19. Nxd4 Qxd4 20. Nc3 Rad8 21. Qxe7 Rf7 22. Qe3 Qxe3 23. fxe3 Be6 24. Rxf7 Bxf7 25. Be1 a6 26. Kf2 b5 27. Rc1 b4 28. Na4 a5 29. b3 Rf8 30. Ke2 Bd5 31. g4 Bf3+ 32. Kd3 Rd8+ 33. Kc2 Be4# 0-1

[Event "Knighthood Blitz"]
[Site "Vishy Anand Arena"]
[Date "2020.08.01"]
[Round "7"]
[White "Gamechanger"]
[Black "Arghyadip"]
[Result "1-0"]
[WhiteElo "2135"]
[BlackElo "2192"]
[Annotator "NA"]
[PlyCount "79"]
[EventDate "2020.08.01"]
[EventType "swiss (blitz)"]

1. d4 d5 2. Bf4 Nf6 3. e3 c5 4. c3 Nc6 5. Nd2 Qb6 6. Qb3 c4 7. Qc2 g6 8. h3 Bf5 9. Qc1 Bg7 10. Ngf3 O-O 11. Be2 h6 12. O-O g5 13. Bh2 Qd8 14. Bd1 b5 15. Bc2 e6 16. Re1 Ne4 17. Qb1 Nxd2 18. Nxd2 Bxc2 19. Qxc2 f5 20. Kh1 a5 21. f3 b4 22. e4 Qd7 23. Nf1 f4 24. Re2 a4 25. a3 bxc3 26. bxc3 Rfb8 27. Rae1 Rb3 28. exd5 exd5 29. h4 Qf7 30. hxg5 hxg5 31. Re6 Rc8 32. Rg6 Rxa3 33. Rxg5 Rb3 34. Rf5 Qd7 35. Rxf4 a3 36. Rg4 Rb2 37. Qc1 Qf7 38. Re5 Nd8 39. Qh6 Rb1 40. Re8+ 1-0

[Event "Knighthood Blitz"]
[Site "Vishy Anand Arena"]
[Date "2020.08.01"]
[Round "7"]
[White "RATHNAKARAN"]
[Black "Vinniethepooh"]
[Result "0-1"]
[WhiteElo "2127"]
[BlackElo "2215"]
[PlyCount "68"]
[EventDate "2020.08.01"]
[EventType "swiss (blitz)"]

1. e4 c5 2. Nf3 d6 3. c3 Nf6 4. Bd3 g6 5. Bc2 Bg7 6. d4 cxd4 7. cxd4 Nc6 8. Nc3 O-O 9. Bg5 h6 10. Bf4 Nh5 11. Be3 e5 12. d5 Ne7 13. Qd2 Nf4 14. Bxf4 exf4 15. Qxf4 f5 16. O-O g5 17. Qd2 f4 18. Nd4 Qb6 19. Nb3 Ng6 20. Kh1 f3 21. g3 Bh3 22. Rg1 Ne5 23. Rab1 Ng4 24. Nd1 Rf7 25. Bd3 Bg2+ 26. Rxg2 fxg2+ 27. Kxg2 Raf8 28. f4 gxf4 29. gxf4 Rxf4 30. Be2 Rf2+ 31. Kg3 Be5+ 32. Kxg4 Rg2+ 33. Kh3 Rxh2+ 34. Kg4 Qg1# 0-1

[Event "Knighthood Blitz"]
[Site "Vishy Anand Arena"]
[Date "2020.08.01"]
[Round "7"]
[White "himplanet"]
[Black "HarshPandit"]
[Result "1-0"]
[WhiteElo "2124"]
[BlackElo "1644"]
[Annotator "NA"]
[PlyCount "81"]
[EventDate "2020.08.01"]
[EventType "swiss (blitz)"]

1. e4 e5 2. Nf3 Nc6 3. Bb5 a6 4. Ba4 Nf6 5. O-O b5 6. Bb3 Be7 7. Re1 d6 8. h3 O-O 9. c3 Rb8 10. d4 exd4 11. cxd4 d5 12. e5 Ne4 13. Nc3 Nxc3 14. bxc3 Bf5 15. Bf4 Qd7 16. Re3 Nd8 17. Bg5 Bxg5 18. Nxg5 h6 19. Nf3 Ne6 20. Nh4 Bh7 21. Bc2 Bxc2 22. Qxc2 c5 23. Rd1 Rfd8 24. Nf5 Nxd4 25. cxd4 cxd4 26. Nxd4 Rbc8 27. Qd3 Rc4 28. Nf5 Rf4 29. Nd6 Ra4 30. Qxd5 Rf8 31. Rd2 Qc7 32. g3 Qc1+ 33. Kg2 Rb4 34. Rd1 Qc7 35. Rf3 Rb2 36. e6 fxe6 37. Qxe6+ Kh8 38. Rxf8+ Kh7 39. Qf5+ g6 40. Rf7+ Kg8 41. Rxc7 1-0

[Event "Knighthood Blitz"]
[Site "Vishy Anand Arena"]
[Date "2020.08.01"]
[Round "7"]
[White "shadow_master"]
[Black "Aradhya"]
[Result "0-1"]
[WhiteElo "2114"]
[BlackElo "2254"]
[PlyCount "114"]
[EventDate "2020.08.01"]
[EventType "swiss (blitz)"]

1. e4 e5 2. Nf3 Nc6 3. Bb5 a6 4. Ba4 Nf6 5. O-O b5 6. Bb3 Bc5 7. Re1 d6 8. c3 O-O 9. h3 Bb6 10. d4 Re8 11. a4 Bd7 12. d5 Ne7 13. Nbd2 Ng6 14. Nf1 c6 15. dxc6 Bxc6 16. Ng3 Bc5 17. Ng5 Rf8 18. axb5 axb5 19. Rxa8 Qxa8 20. Qf3 d5 21. exd5 Bxd5 22. Bxd5 Qxd5 23. Qxd5 Nxd5 24. N5e4 Bb6 25. Nf5 b4 26. Rd1 Ngf4 27. c4 Ne2+ 28. Kf1 Nxc1 29. cxd5 Nb3 30. d6 Rd8 31. d7 Nd4 32. Nxd4 Bxd4 33. Rc1 Kf8 34. Rc4 b3 35. Rb4 Bxb2 36. Rxb3 Bd4 37. Rb7 Ke7 38. Ke2 f5 39. Ng5 h6 40. Nf3 Bc3 41. Nh4 Ke6 42. Kd3 Bd4 43. f4 g5 44. fxe5 Bxe5 45. Nf3 Bf6 46. g4 f4 47. Ke4 Bc3 48. Rb6+ Kxd7 49. Rxh6 Re8+ 50. Kf5 Re3 51. Nxg5 f3 52. Rh7+ Kc6 53. Nxf3 Rxf3+ 54. Kg6 Rf6+ 55. Kg5 Rd6 56. Rh6 Bd2+ 57. Kh5 Rxh6# 0-1

[Event "Knighthood Blitz"]
[Site "Vishy Anand Arena"]
[Date "2020.08.01"]
[Round "7"]
[White "Bestluck"]
[Black "Pshyaamnikhil"]
[Result "0-1"]
[WhiteElo "2106"]
[BlackElo "2327"]
[PlyCount "96"]
[EventDate "2020.08.01"]
[EventType "swiss (blitz)"]

1. d4 Nf6 2. Nf3 c5 3. e3 g6 4. b3 Bg7 5. Bb2 O-O 6. Be2 b6 7. O-O Bb7 8. c4 cxd4 9. Nxd4 Nc6 10. Nf3 d5 11. Nc3 dxc4 12. Bxc4 Na5 13. Bd3 Ng4 14. Qe2 Qb8 15. g3 Bxf3 16. Qxf3 Ne5 17. Qe2 Nxd3 18. Qxd3 Qb7 19. b4 Nc6 20. Qe4 Rab8 21. Rac1 Ne5 22. Nd5 f5 23. Qg2 Rfd8 24. Rfd1 e6 25. Nf4 Nf3+ 26. Kh1 Rxd1+ 27. Rxd1 Bxb2 28. Nxe6 Qe4 29. Nf4 Ng5 30. Qxe4 fxe4 31. Rd7 Be5 32. Nd5 Kh8 33. Rxa7 Nf3 34. Re7 Rc8 35. Nxb6 Rc1+ 36. Kg2 h5 37. Nd7 g5 38. Nxe5 Rg1+ 39. Kh3 g4+ 40. Nxg4 hxg4+ 41. Kxg4 Nxh2+ 42. Kf4 Rg2 43. Kxe4 Rxf2 44. b5 Rxa2 45. b6 Rb2 46. b7 Ng4 47. Re8+ Kg7 48. b8=Q Nf6+ 0-1

[Event "Knighthood Blitz"]
[Site "Vishy Anand Arena"]
[Date "2020.08.01"]
[Round "7"]
[White "slienteyes"]
[Black "lsr"]
[Result "1-0"]
[WhiteElo "2094"]
[BlackElo "2131"]
[Annotator "NA"]
[PlyCount "113"]
[EventDate "2020.08.01"]
[EventType "swiss (blitz)"]

1. e4 d6 2. d4 Nf6 3. Nc3 e5 4. Nf3 Nbd7 5. g4 Nxg4 6. Rg1 exd4 7. Nxd4 Nde5 8. Bf4 g6 9. Qe2 Bh6 10. Bxh6 Nxh6 11. O-O-O Bg4 12. f3 Bd7 13. Qd2 Qh4 14. Nd5 O-O 15. f4 Neg4 16. h3 Nf2 17. Nf3 Nxe4 18. Nxh4 Nxd2 19. Nf6+ Kg7 20. Nxd7 Rfd8 21. Rxd2 Rxd7 22. f5 Re7 23. fxg6 fxg6 24. Bg2 Rb8 25. Kd1 b6 26. Nf3 Nf5 27. Nd4 Ne3+ 28. Kc1 Rf8 29. Re2 Ree8 30. Bc6 Re5 31. Rge1 Nc4 32. Rxe5 Nxe5 33. Ne6+ Kf7 34. Nxf8 Nxc6 35. Nxh7 Ne5 36. h4 Kg7 37. Ng5 Kh6 38. Rxe5 dxe5 39. Kd2 Kh5 40. Nf3 e4 41. Ne5 Kxh4 42. Nxg6+ Kg5 43. Ne7 c5 44. Ke3 Kf6 45. Nd5+ Ke5 46. Nc3 a5 47. Nxe4 Kd5 48. a4 Kc6 49. Kd3 Kd5 50. Nc3+ Kc6 51. Kc4 Kb7 52. Nb5 Kc8 53. b3 Kd7 54. Kd5 Ke8 55. Kc6 Kf8 56. Kxb6 Kg7 57. Kxc5 1-0

[Event "Knighthood Blitz"]
[Site "Vishy Anand Arena"]
[Date "2020.08.01"]
[Round "7"]
[White "Position"]
[Black "adireddyarjun"]
[Result "1-0"]
[WhiteElo "2080"]
[BlackElo "1516"]
[Annotator "NA"]
[PlyCount "79"]
[EventDate "2020.08.01"]
[EventType "swiss (blitz)"]

1. e3 d5 2. f3 Nf6 3. Ne2 e5 4. d4 Nc6 5. b3 Bf5 6. Bb2 e4 7. f4 Be7 8. Ng3 Bg4 9. Be2 Qd7 10. Nc3 Bxe2 11. Qxe2 h5 12. O-O-O h4 13. Nf1 O-O-O 14. Kb1 Qg4 15. Qf2 h3 16. g3 Qd7 17. Nd2 Ng4 18. Qe2 f5 19. a3 Kb8 20. b4 a6 21. Nb3 g5 22. Nc5 Bxc5 23. dxc5 gxf4 24. Rxd5 Qf7 25. gxf4 Rxd5 26. Nxd5 Rg8 27. c4 Nh6 28. Rf1 Rg2 29. Rf2 Qg6 30. b5 axb5 31. cxb5 Nd8 32. Be5 Ne6 33. b6 Qg4 34. bxc7+ Nxc7 35. Bxc7+ Kc8 36. Nb6+ Kxc7 37. Qd2 Rxf2 38. Qd7+ Kb8 39. Qc8+ Ka7 40. Qa8# 1-0

[Event "Knighthood Blitz"]
[Site "Vishy Anand Arena"]
[Date "2020.08.01"]
[Round "7"]
[White "Shiv01"]
[Black "Snitin"]
[Result "0-1"]
[WhiteElo "2038"]
[BlackElo "2239"]
[Annotator "NA"]
[PlyCount "106"]
[EventDate "2020.08.01"]
[EventType "swiss (blitz)"]

1. e4 c5 2. Nf3 e6 3. d4 cxd4 4. Nxd4 a6 5. Bd3 g6 6. c4 Bg7 7. Nf3 d6 8. O-O Nf6 9. Qe2 O-O 10. Nc3 Nbd7 11. h3 Qc7 12. Bf4 Ne5 13. Nxe5 dxe5 14. Be3 Nh5 15. g3 Bd7 16. Rac1 f5 17. exf5 exf5 18. Nd5 Qd8 19. Bb6 Qg5 20. h4 Qh6 21. Be3 f4 22. Bd2 Nf6 23. Nxf6+ Bxf6 24. Be4 Kh8 25. Kg2 Qg7 26. Rh1 Rac8 27. g4 Bc6 28. f3 Rfd8 29. Ba5 Rd4 30. Bb6 Rxe4 31. fxe4 Qf7 32. Rhd1 Bxh4 33. Rc3 Bg5 34. b4 Rf8 35. Qf3 Bd7 36. Rd5 Be6 37. Rxe5 Bf6 38. Bd4 Qg7 39. Rxe6 Bxd4 40. Rd3 Be5 41. Rb6 Re8 42. Rd5 Bd4 43. Rbd6 Be5 44. Rd7 Qh6 45. c5 Qh4 46. Rxb7 h5 47. Rbd7 hxg4 48. Qf2 f3+ 49. Kg1 Qh3 50. Rxe5 Rxe5 51. Rd8+ Kg7 52. Rd7+ Kh6 53. Qh2 f2+ 0-1

[Event "Knighthood Blitz"]
[Site "Vishy Anand Arena"]
[Date "2020.08.01"]
[Round "7"]
[White "chessylife"]
[Black "Junosource"]
[Result "1-0"]
[WhiteElo "2010"]
[BlackElo "2075"]
[PlyCount "37"]
[EventDate "2020.08.01"]
[EventType "swiss (blitz)"]

1. e4 c5 2. Nf3 Nc6 3. d4 cxd4 4. Nxd4 g6 5. Nc3 Bg7 6. Be3 Nf6 7. Bc4 O-O 8. Bb3 Re8 9. O-O d6 10. f3 Na5 11. Qe2 b6 12. Rad1 Bb7 13. Ba4 Rf8 14. e5 Ne8 15. exd6 Nxd6 16. Bg5 Qc7 17. Bxe7 Rfe8 18. Bxe8 Rxe8 19. Bxd6 1-0

[Event "Knighthood Blitz"]
[Site "Vishy Anand Arena"]
[Date "2020.08.01"]
[Round "7"]
[White "BIGIL"]
[Black "Devil1234"]
[Result "0-1"]
[WhiteElo "1999"]
[BlackElo "2414"]
[Annotator "NA"]
[PlyCount "56"]
[EventDate "2020.08.01"]
[EventType "swiss (blitz)"]

1. Nf3 d5 2. g3 Nc6 3. Bg2 e5 4. d3 f6 5. O-O Be6 6. a3 Qd7 7. b4 Bh3 8. Nbd2 h5 9. c4 Nge7 10. b5 Nd8 11. Nb3 Bxg2 12. Kxg2 h4 13. e4 hxg3 14. fxg3 dxe4 15. dxe4 Qh3+ 16. Kg1 Ne6 17. Qe2 g5 18. Be3 Ng6 19. Rf2 a5 20. c5 a4 21. Nbd2 Bxc5 22. Rc1 Bxe3 23. Qxe3 Rd8 24. Ne1 Ngf4 25. Qf3 Nd4 26. Qe3 Qg4 27. Kh1 Nfe2 28. Rxf6 Nxg3+ 0-1

[Event "Knighthood Blitz"]
[Site "Vishy Anand Arena"]
[Date "2020.08.01"]
[Round "7"]
[White "michaelraj_98"]
[Black "duvvaabbulu"]
[Result "1-0"]
[WhiteElo "1984"]
[BlackElo "1665"]
[Annotator "NA"]
[PlyCount "71"]
[EventDate "2020.08.01"]
[EventType "swiss (blitz)"]

1. e4 d6 2. d4 Nf6 3. Nc3 Nbd7 4. g3 e5 5. Bg2 Be7 6. Nge2 c6 7. O-O O-O 8. f4 Re8 9. h3 Qc7 10. Be3 Bf8 11. Qd2 a6 12. Rad1 b5 13. a3 Bb7 14. g4 exd4 15. Bxd4 c5 16. Bxf6 Nxf6 17. Ng3 b4 18. axb4 cxb4 19. Nd5 Nxd5 20. exd5 Re7 21. Nf5 Ree8 22. Rfe1 g6 23. Ng3 Bg7 24. Qxb4 Rab8 25. Rxe8+ Rxe8 26. c3 Re3 27. Ne4 f5 28. Qxd6 Qc8 29. gxf5 gxf5 30. Ng5 Qe8 31. Kh2 Ba8 32. Qc5 Re2 33. Qc4 h6 34. Nf3 Kh7 35. Qd3 Re3 36. Qxf5+ 1-0

[Event "Knighthood Blitz"]
[Site "Vishy Anand Arena"]
[Date "2020.08.01"]
[Round "7"]
[White "DarkKnight8750"]
[Black "Sidba"]
[Result "1-0"]
[WhiteElo "1980"]
[BlackElo "1798"]
[Annotator "NA"]
[PlyCount "57"]
[EventDate "2020.08.01"]
[EventType "swiss (blitz)"]

1. e4 c5 2. Nc3 e6 3. f4 d5 4. Nf3 dxe4 5. Nxe4 Nf6 6. Nxf6+ Qxf6 7. g3 Bd6 8. Bg2 O-O 9. O-O Nc6 10. d3 e5 11. fxe5 Nxe5 12. Nd2 Qe7 13. Ne4 Bc7 14. Bg5 f6 15. Be3 Bb6 16. a4 a5 17. Nc3 Ng4 18. Nd5 Qd6 19. Qf3 Be6 20. Bf4 Qc6 21. Ne7+ Kh8 22. Nxc6 bxc6 23. Qxc6 Rab8 24. Qxe6 c4+ 25. Kh1 Nf2+ 26. Rxf2 Bxf2 27. Bxb8 Bd4 28. Bd6 Rb8 29. Bxb8 1-0

[Event "Knighthood Blitz"]
[Site "Vishy Anand Arena"]
[Date "2020.08.01"]
[Round "7"]
[White "Suvrajit Saha"]
[Black "Toosieslide"]
[Result "0-1"]
[WhiteElo "1980"]
[BlackElo "1984"]
[Annotator "NA"]
[PlyCount "136"]
[EventDate "2020.08.01"]
[EventType "swiss (blitz)"]

1. d4 d5 2. Nf3 Nf6 3. Bf4 c5 4. e3 e6 5. c3 Bd6 6. Bg3 Qc7 7. Nbd2 Nbd7 8. Bb5 O-O 9. Bxd7 Nxd7 10. Bxd6 Qxd6 11. dxc5 Nxc5 12. O-O e5 13. Nb3 Nxb3 14. Qxb3 Be6 15. Ng5 b6 16. Nxe6 fxe6 17. Rad1 Rad8 18. e4 d4 19. cxd4 exd4 20. e5 Qxe5 21. Rfe1 Qf4 22. Qxe6+ Kh8 23. f3 d3 24. Qe4 Qd6 25. Rd2 Qc5+ 26. Qe3 Rfe8 27. Qxc5 Rxe1+ 28. Kf2 bxc5 29. Kxe1 c4 30. Rf2 Kg8 31. Kd2 Kf7 32. b3 cxb3 33. axb3 Kf6 34. Kc3 Kf5 35. Rd2 Kf4 36. Rxd3 Rc8+ 37. Kb2 Rc7 38. Rd4+ Ke3 39. Rc4 Rd7 40. Rc2 g5 41. b4 h5 42. Rc3+ Ke2 43. Rc2+ Rd2 44. Rxd2+ Kxd2 45. Kb3 Ke2 46. Ka4 Kf2 47. Ka5 Kxg2 48. Ka6 Kxh2 49. Kxa7 g4 50. fxg4 hxg4 51. b5 g3 52. b6 g2 53. b7 g1=Q+ 54. Ka8 Qa1+ 55. Kb8 Qe5+ 56. Ka7 Qa5+ 57. Kb8 Kg3 58. Kc8 Qc5+ 59. Kd7 Qb6 60. Kc8 Qc6+ 61. Kb8 Kf4 62. Ka7 Qa4+ 63. Kb6 Qb4+ 64. Kc6 Qc4+ 65. Kb6 Qd4+ 66. Kc6 Qe4+ 67. Kc7 Qe7+ 68. Kc8 Qb4 0-1

[Event "Knighthood Blitz"]
[Site "Vishy Anand Arena"]
[Date "2020.08.01"]
[Round "7"]
[White "Zokapenzioner"]
[Black "Tapa1964"]
[Result "1-0"]
[WhiteElo "1961"]
[BlackElo "1957"]
[Annotator "NA"]
[PlyCount "36"]
[EventDate "2020.08.01"]
[EventType "swiss (blitz)"]

1. Nf3 d5 2. g3 c5 3. Bg2 Nf6 4. O-O Bg4 5. d4 Nc6 6. Ne5 e6 7. c4 Nxd4 8. Nxg4 Nxg4 9. e3 Nc6 10. Qxg4 dxc4 11. Bxc6+ bxc6 12. Qxc4 Be7 13. Nc3 O-O 14. Rd1 Qc7 15. e4 Kh8 16. Be3 Rab8 17. Bxc5 Bxc5 18. Qxc5 Rxb2 1-0

[Event "Knighthood Blitz"]
[Site "Vishy Anand Arena"]
[Date "2020.08.01"]
[Round "7"]
[White "Kadamomm"]
[Black "Zanta"]
[Result "1-0"]
[WhiteElo "1949"]
[BlackElo "1979"]
[PlyCount "69"]
[EventDate "2020.08.01"]
[EventType "swiss (blitz)"]

1. e4 e5 2. Nf3 Nc6 3. Bc4 h6 4. c3 Nf6 5. d3 d6 6. Nbd2 g6 7. Nf1 Bg7 8. Ng3 O-O 9. O-O d5 10. exd5 Nxd5 11. Re1 Re8 12. Bb5 Qf6 13. Ne4 Qd8 14. Ng3 Bd7 15. Qb3 Nb6 16. Be3 a6 17. Bxc6 Bxc6 18. Nd2 Qxd3 19. Rad1 Qb5 20. Qc2 Qd5 21. Nde4 Qxa2 22. Ra1 Qe6 23. Nc5 Qd5 24. Nce4 Nc4 25. Bxh6 f5 26. Rad1 Qb5 27. Bxg7 Kxg7 28. Ng5 Qxb2 29. Nxf5+ Kf6 30. Nh7+ Kf7 31. Ng5+ Kg8 32. Qd3 Qb5 33. Qh3 Bd5 34. Qh7+ Kf8 35. Qg7# 1-0

[Event "Knighthood Blitz"]
[Site "Vishy Anand Arena"]
[Date "2020.08.01"]
[Round "7"]
[White "kngopal"]
[Black "F Manish Anto Cristiano"]
[Result "1-0"]
[WhiteElo "1937"]
[BlackElo "1763"]
[Annotator "NA"]
[PlyCount "81"]
[EventDate "2020.08.01"]
[EventType "swiss (blitz)"]

1. c4 c5 2. g3 Nc6 3. Bg2 g6 4. Nc3 Bg7 5. d3 Nf6 6. Nf3 d6 7. O-O O-O 8. a3 Bd7 9. Rb1 Ne8 10. Bd2 a5 11. e3 Nc7 12. d4 cxd4 13. exd4 Nxd4 14. Nxd4 Bxd4 15. Bh6 Bg7 16. Bxg7 Kxg7 17. Bxb7 Rb8 18. Bg2 Ne6 19. Qd2 Qc8 20. Nd5 Qxc4 21. Nxe7 Nd4 22. Rfe1 Rfe8 23. Nd5 Bc6 24. Ne3 Qa4 25. b3 Nxb3 26. Qc3+ Nd4 27. Bxc6 Qxc6 28. Qxd4+ f6 29. Nd5 Re6 30. Rxe6 Rxb1+ 31. Kg2 Rb5 32. Qxf6+ Kg8 33. Rxd6 Qa8 34. Rd8+ Qxd8 35. Qxd8+ Kg7 36. Qf6+ Kh6 37. Nf4 Rf5 38. Qh4+ Kg7 39. Ne6+ Kf7 40. Nd4 Ke8 41. Qxh7 1-0

[Event "Knighthood Blitz"]
[Site "Vishy Anand Arena"]
[Date "2020.08.01"]
[Round "7"]
[White "Swayham"]
[Black "Bennyjoseph"]
[Result "1-0"]
[WhiteElo "1923"]
[BlackElo "1752"]
[Annotator "NA"]
[PlyCount "65"]
[EventDate "2020.08.01"]
[EventType "swiss (blitz)"]

1. e4 e5 2. Nf3 Nc6 3. Bb5 Nf6 4. d3 Be7 5. c3 O-O 6. O-O d5 7. Qe2 dxe4 8. dxe4 Bd6 9. Nbd2 Bg4 10. Re1 Qe7 11. Nf1 Rad8 12. h3 Be6 13. Ng3 h6 14. Nh4 a6 15. Ba4 Bc5 16. Nhf5 Bxf5 17. Nxf5 Qe6 18. Qf3 Ne7 19. Bb3 Qd7 20. Nxh6+ gxh6 21. Qxf6 Nd5 22. Bxd5 Qd6 23. Qh4 Kh7 24. b4 Bb6 25. c4 c5 26. bxc5 Bxc5 27. Bg5 Bxf2+ 28. Kxf2 Qb6+ 29. Be3 Qg6 30. Kg1 Rg8 31. Re2 Rxd5 32. cxd5 Qc6 33. dxc6 1-0